| 000 | 00416nam a22001697a 4500 | ||
|---|---|---|---|
| 005 | 20231017193850.0 | ||
| 008 | 231017b |||||||| |||| 00| 0 eng d | ||
| 020 | _a0534581404 | ||
| 082 |
_a302.2072 _bMER-C |
||
| 100 | _aMerrigan,Gerianne | ||
| 245 | _aCommunication Research Method | ||
| 260 |
_aUSA _bMcGraw-Hill _c2004 |
||
| 300 | _a362 | ||
| 500 | _aInclude Index | ||
| 650 | _aEconomics | ||
| 700 | _aMerrigan | ||
| 999 |
_c33948 _d33948 |
||